Statistics for Countries Closest to Monaco - 30 Second Sprint

Click here to take the quiz!

General Stats

  • This quiz has been taken 66 times
  • The average score is 10 of 20

Answer Stats

kmcountrymiles% Correct
0France0
98%
8Italy5
96%
374Spain232
96%
236Switzerland147
80%
421Germany262
71%
399San Marino248
67%
475Andorra295
65%
402Austria250
61%
457Vatican City284
61%
657Belgium408
53%
787Netherlands489
47%
641Luxembourg398
39%
538Slovenia334
37%
400Liechtenstein249
33%
739Algeria459
27%
514Croatia319
27%
700Tunisia435
25%
741Czechia460
24%
670Bosnia and
Herzegovina
417
12%
762Hungary474
8%

Score Distribution

Percentile by Number Answered

Percent of People with Each Score

Your Score History

You have not taken this quiz